Los alcances subjetivos y objetivos de la sentencia anulatoria de un acto de alcance general a la luz de los nuevos derechos y garantías de la Constitución Nacional (Registro nro. 24157)

Detalles MARC
000 -LEADER
fixed length control field 00451 a2200109 4500
001 - CONTROL NUMBER
control field ART_40038
005 - DATE AND TIME OF LATEST TRANSACTION
control field 20260410161842.0
008 - FIXED-LENGTH DATA ELEMENTS--GENERAL INFORMATION
fixed length control field 260409a
100 1# - MAIN ENTRY--PERSONAL NAME
Personal name García Pullés, Fernando Raúl
245 10 - TITLE STATEMENT
Title Los alcances subjetivos y objetivos de la sentencia anulatoria de un acto de alcance general a la luz de los nuevos derechos y garantías de la Constitución Nacional
773 0# - HOST ITEM ENTRY
Title RAP
Related parts - Año 23, Nº 272 (may. 2001)
Record control number REV5941

No hay ítems disponibles.